000 00458nam a22001817a 4500
003 CEME
005 20210628204036.0
008 210105b xxu||||| |||| 00| 0 eng d
020 _a159P
040 _c.
082 _a891.4393 GAD
100 _aAshfaq Ahmed
_9651
245 _aGadaria , ujlay phool
260 _aLAHORE
_bSANG-E-MEEL PUB
_c2012
300 _a160P
650 _aURDU ADAB-SHORT STORIES.URDU LITERATURE-FICTION
_958956
942 _cBK
_2ddc
999 _c575988
_d575988